书目信息 |
| 题名: |
MySQL数据库基础与实例教程
|
|
| 作者: | 孔祥盛 主编 | |
| 分册: | ||
| 出版信息: | 北京 人民邮电出版社 2014 |
|
| 页数: | 319页 | |
| 开本: | 26cm | |
| 丛书名: | ||
| 单 册: | ||
| 中图分类: | TP311.138SQ , TP311.138 | |
| 科图分类: | ||
| 主题词: | 关系数据库系统--Guan Xi Shu Ju Ku Xi Tong--高等学校--教材 | |
| 电子资源: | ||
| ISBN: | 978-7-115-35338-2 | |
| 000 | 01339nam0 2200289 450 | |
| 001 | 1671561298 | |
| 005 | 20140611101057.5 | |
| 010 | @a978-7-115-35338-2@dCNY45.00 | |
| 100 | @a20140611d2014 em y0chiy0120 ea | |
| 101 | 0 | @achi |
| 102 | @aCN@b110000 | |
| 105 | @aak a 000yy | |
| 106 | @ar | |
| 200 | 1 | @aMySQL数据库基础与实例教程 @AMySQL Shu Ju Ku Ji Chu Yu Shi Li Jiao Cheng @d= MySQL fundamentals & practices@f孔祥盛主编@zeng |
| 210 | @a北京@c人民邮电出版社@d2014 | |
| 215 | @a319页@c图@d26cm | |
| 300 | @a21世纪高等教育计算机规划教材 工业和信息化普通高等教育“十二五”规划教材 | |
| 320 | @a有书目 (第319页) | |
| 330 | @a作为世界上最受欢迎的开源数据库之一, MySQL由于其性能优越、功能强大, 受到了广大自由软件爱好者甚至是商业软件用户的青睐。本书以讲解MySQL基础知识为目标, 以案例的实现为载体, 以不同的章节完成不同的任务为理念, 深入讲解关系数据库设计、MySQL基础知识以及MySQL编程知识。 | |
| 333 | @a非常适合用作培训机构的培训教材, 也适用于计算机二级考试MySQL 数据库程序设计的培训教材, 同时也是一本面向广大MySQL爱好者的实用参考书 | |
| 510 | 1 | @aMySQL fundamentals and practices@zeng |
| 606 | 0 | @a关系数据库系统@AGuan Xi Shu Ju Ku Xi Tong@x高等学校@j教材 |
| 690 | @aTP311.138SQ@v5 | |
| 690 | @aTP311.138@v4 | |
| 701 | 0 | @a孔祥盛@AKong Xiang Sheng@4主编 |
| 801 | 0 | @aCN@b江苏新华@c20150511 |
| 905 | @aBZT@dTP311.138@e53 | |
| MySQL数据库基础与实例教程 = MySQL fundamentals & practices/孔祥盛主编.-北京:人民邮电出版社,2014 |
| 319页:图;26cm |
| 21世纪高等教育计算机规划教材 工业和信息化普通高等教育“十二五”规划教材.-使用对象:非常适合用作培训机构的培训教材, 也适用于计算机二级考试MySQL 数据库程序设计的培训教材, 同时也是一本面向广大MySQL爱好者的实用参考书 |
| ISBN 978-7-115-35338-2:CNY45.00 |
| 作为世界上最受欢迎的开源数据库之一, MySQL由于其性能优越、功能强大, 受到了广大自由软件爱好者甚至是商业软件用户的青睐。本书以讲解MySQL基础知识为目标, 以案例的实现为载体, 以不同的章节完成不同的任务为理念, 深入讲解关系数据库设计、MySQL基础知识以及MySQL编程知识。 |
| ● |
| 相关链接 |
|
|
|
正题名:MySQL数据库基础与实例教程
索取号:TP311.138/53
 
预约/预借
| 序号 | 登录号 | 条形码 | 馆藏地/架位号 | 状态 | 备注 |
| 1 | 800177 | 2000800177 | 第二书库/ [索取号:TP311.138/53] | 在馆 | |
| 2 | 800178 | 2000800178 | 第二书库/ [索取号:TP311.138/53] | 在馆 | |
| 3 | 800179 | 2000800179 | 第二书库/ [索取号:TP311.138/53] | 在馆 |